000 00539nam a2200169 a 4500
001 000038757
005 20201002031348.0
008 130419s2007 pr a 000 0 spa d
020 _a0979359201
040 _aDO-SdBNP
_bspa
_cBNPHU
100 1 _aBáez Medero, Vicente
_965055
245 1 0 _aEncendiendo la chispa para dar el 300% /
_cVicente Báez Medero ; prólogo Roque Díaz Tizol.
250 _a2a ed.
260 _aPuerto Rico :
_bCacique,
_c2007.
300 _a126 p. :
_bils, ;
_c24 cm.
700 1 _aDíaz Tizol, Roque,
_epról.
_965056
999 _c38247
_d38247